Statistics for Ranker.com Top 100 Influential People

Click here to take the quiz!

General Stats

  • This quiz has been taken 106 times
  • The average score is 71 of 100

Answer Stats

RankConcise ClueAnswer% Correct
2E = MC^2Albert Einstein
100%
1ChristianityJesus Christ
100%
21NazismAdolf Hitler
99%
16First PresidentGeorge Washington
99%
4Mona LisaLeonardo da Vinci
99%
11HamletWilliam Shakespeare
99%
3GravityIsaac Newton
98%
61Elected President 4 TimesFranklin D. Roosevelt
97%
51Lee Harvey OswaldJohn F. Kennedy
97%
14IndiaMahatma Gandhi
97%
10IslamMuhammad
97%
26LightbulbThomas Edison
97%
15Civil WarAbraham Lincoln
95%
13Natural SelectionCharles Darwin
95%
54AppleSteve Jobs
95%
60TeddyTheodore Roosevelt
95%
53USSR FounderVladimir Lenin
95%
12Civil Rights MovementMartin Luther King, Jr.
94%
46Mickey MouseWalt Disney
94%
69USSR GenocideJoseph Stalin
93%
19Roman DictatorJulius Caesar
93%
23Protestant ReformationMartin Luther
93%
37UK WWIIWinston Churchill
93%
68Holocaust DiaryAnne Frank
92%
35Sistine Chapel CeilingMichelangelo
92%
36MicrosoftBill Gates
91%
39The IliadHomer
91%
49TelephoneAlexander Graham Bell
90%
76One Small Step for ManNeil Armstrong
90%
22CommunismKarl Marx
89%
33ApartheidNelson Mandela
89%
71Silent Film ActorCharlie Chaplin
88%
34Model THenry Ford
88%
18Ten CommandmentsMoses
88%
58PsychoanalysisSigmund Freud
88%
651984George Orwell
85%
6TelescopeGalileo Galilei
84%
30Mongol EmpireGenghis Khan
84%
31RadiumMarie Curie
84%
43AirplaneOrville and Wilbur Wright
84%
25Printing PressJohannes Gutenberg
83%
85Refused To Move from Her SeatRosa Parks
83%
32Fur EliseLudwig van Beethoven
81%
59Missing An EarVincent Van Gogh
81%
79Final Tudor MonarchElizabeth I
80%
24French RevolutionNapoleon Bonaparte
80%
41A^2 + B^2 = C^2Pythagoras
80%
7MacedonAlexander the Great
77%
64Maid of OrleansJoan of Arc
76%
84Tom SawyerMark Twain
76%
83Victorian EraQueen Victoria
76%
98DynamiteAlfred Nobel
73%
72A Christmas CarolCharles Dickens
73%
93Cold War-Ending PresidentRonald Reagan
73%
29Louisiana PurchaseThomas Jefferson
73%
56Silk Road TravelerMarco Polo
69%
48Sun-Centered Solar SystemNicolaus Copernicus
69%
27RequiemWolfgang Amadeus Mozart
69%
38West IndiesChristopher Columbus
68%
74Divine ComedyDante Alighieri
68%
17ACNikola Tesla
68%
57Genius ALS SurvivorStephen Hawking
68%
88The RavenEdgar Allan Poe
67%
87The Wealth of NationsAdam Smith
66%
95Last PharaohCleopatra
65%
8DialoguesPlato
65%
5LyceumAristotle
63%
20The Enlightened OneGautama Buddha
63%
62Missionaries of CharityMother Teresa
61%
91Russian EmpirePeter the Great
61%
80PenicillinAlexander Fleming
60%
9PedagogySocrates
59%
28ElectricityBenjamin Franklin
56%
99First CircumnavigationFerdinand Magellan
53%
75German UnificationOtto von Bismarck
53%
82GeometryEuclid
51%
52Ave MariaJohann Sebastian Bach
50%
45Carolingian EmpireCharlemagne
49%
66Death of GodFriedrich Nietzsche
47%
50Founder of MedicineHippocrates
45%
78Critique of Pure ReasonImmanuel Kant
44%
63The Art of WarSun Tzu
43%
90Father of HistoryHerodotus
42%
94Hunkpapa Lakota ChiefSitting Bull
42%
89U. S. National BankAlexander Hamilton
41%
67Planetary MotionJohannes Kepler
41%
44Rabies VaccineLouis Pasteur
41%
47SaulPaul
41%
70Catholic Church OpposerVoltaire
38%
40Five ClassicsConfucius
34%
73Lord Of The RingsJ. R. R. Tolkein
34%
86HeredityGregor Mendel
33%
77Meditations on First PhilosophyRene Descartes
33%
92Common SenseThomas Paine
32%
55First ComputerAlan Turing
30%
42PiArchimedes
30%
81Oedipus RexSophocles
25%
100Director of Apollo's RocketWernher von Braun
18%
96Founder of Political ScienceNiccolo Machiavelli
17%
97AlmagestPtolemy
11%

Score Distribution

Percentile by Number Answered

Percent of People with Each Score

Your Score History

You have not taken this quiz